000 00991nam a2200241 a 4500
001 000685910
003 AM-YeHGA
005 20250618073627.0
008 080808s1981 ||| | |||| |0| | eng d
040 _aAM-YeHGA
041 0 _aeng
100 1 _aՄոեմ, Սոմերսեթ,
_d1874-1965
_98655
245 1 0 _aThe painted veil :
_bA novel /
_cW. Somerset Maugham; предисловие Л. М. Урнова, комментарий Э.М. Медниковой.
246 1 3 _aРазрисованный занавес :
_bКн. для чтения на англ. яз.
260 _aМосква :
_bМеждународные отношения,
_c1981.
300 _a246 p. ;
_c18 cm.
500 _aКомментарий, стр. 239- 247
650 1 4 _aЯзыкознание
_xАнглийский язык
650 1 4 _aХудожественная литература
_94918
700 1 _aУрнов, Л. М.
_eaui
700 1 _aМедникова, Э.М.
_ecmm
090 _c255931
999 _c254330
_d254330